Statistics for Guess The BTS Member

Click here to take the quiz!

General Stats

  • This quiz has been taken 284 times
  • The average score is 11 of 12

Answer Stats

QuoteMember% Correct
Jimin..you got no jamsRM
96%
Infires Man!Suga
96%
Worldwide handsomeJin
94%
Do you know BTSSuga
93%
I know face but I don't know nameJungkook
92%
PardonJungkook
91%
Important busineseuJhope
90%
Dirty water in my faceuJhope
89%
LA manJimin
89%
SwagSuga
89%
I'm proud of you.. maaaanV
88%
Diss is ma shiteuJimin
87%

Score Distribution

Percentile by Number Answered

Percent of People with Each Score

Your Score History

You have not taken this quiz